000
00316 a2200157 4500
001
160274
020
_a
040
_c
Magnum
100
_a
Telles, Carlos Queiroz
240
1
0
_a
O tatu garimpeiro
_l
por
245
1
0
_a
O tatu garimpeiro
362
0
_a
1899
440
1
_a
FTD
697
_a
IJ/ANIMAIS
942
_c
BK
999
_c
160274
_d
160274